| 000 | 00716na a2200265 4500 | ||
|---|---|---|---|
| 001 | 14141 | ||
| 003 | MIRAKIL | ||
| 005 | 20181213154857.0 | ||
| 008 | 161102b tu 000 0 | ||
| 020 | _a9751003679 | ||
| 035 | _a14141 | ||
| 040 |
_aMilas _btur _cTR-AnCHP |
||
| 082 |
_a523.111 _bA74u 1992 |
||
| 090 | _a523.111 A74u 1992 | ||
| 100 | _aAsimov, Isaac | ||
| 245 |
_aUzayın sınırları _b(Frontiers) _cIsaac Asimov ; Türkçesi: Mehmet Harmancı |
||
| 246 | _aFrontiers | ||
| 260 |
_aİstanbul _bİnkılap kitabevi _c1992 |
||
| 300 |
_a344 s. _c20 sm. |
||
| 650 |
_aBilim _xPopüler yapıtlar |
||
| 650 |
_aKeşifler _xUzay |
||
| 650 | _aUzay | ||
| 700 | _aHarmancı, Mehmet | ||
| 942 |
_2ddc _cBKS |
||
| 999 |
_c2429 _d2429 |
||